|
|
|
|
| LEADER |
00000nam0a2200000 4500 |
| 001 |
17075 |
| 005 |
20231101205125.0 |
| 035 |
|
|
|a (RuTPU)RU\TPU\book\17206
|
| 035 |
|
|
|a BOOK00001894
|
| 090 |
|
|
|a 17075
|
| 100 |
|
|
|a 20011209d1974 km y0rusy50 ca
|
| 101 |
0 |
|
|a rus
|
| 102 |
|
|
|a RU
|
| 105 |
|
|
|a y z 000zy
|
| 200 |
1 |
|
|a Советские женщины в Великой Отечественной войне
|f В. С. Мурманцева
|
| 210 |
|
|
|a Москва
|c Мысль
|d 1974
|
| 215 |
|
|
|a 272 с.
|
| 606 |
1 |
|
|a Женщины в Великой Отечественной войне 1941-1945
|2 stltpush
|3 (RuTPU)RU\TPU\subj\66622
|9 82673
|
| 610 |
1 |
|
|a история
|
| 610 |
1 |
|
|a Россия
|
| 610 |
1 |
|
|a СССР
|
| 610 |
1 |
|
|a 20 век
|
| 610 |
1 |
|
|a женщины советские
|
| 610 |
1 |
|
|a классы
|
| 610 |
1 |
|
|a Великая Отечественная война 1941-1945
|
| 610 |
1 |
|
|a социальные группы
|
| 686 |
|
|
|a Т3(2)622-28
|v LBC/SL-A
|2 rubbk
|
| 700 |
|
1 |
|a Мурманцева
|b В. С.
|g Вера Семеновна
|
| 801 |
|
0 |
|a RU
|b 63413507
|c 20011209
|g PSBO
|
| 801 |
|
2 |
|a RU
|b 63413507
|c 20181003
|g PSBO
|
| 942 |
|
|
|c BK
|